MAC College Football Teams: Sudden Death - Statistics

General Stats
  • This quiz has been taken 107 times
  • The average score is 12 of 13
Answers on the Grid
Answers color-coded by a green-red scale on the quiz's grid according to % correct below.
Kent State Golden Flashes
Clemson Tigers
Bowling Green Falcons
Pittsburgh Panthers
Western Michigan Broncos
Buffalo Bulls
Ball State Cardinals
Cincinnati Bearcats
Tennessee Volunteers
Akron Zips
Northern Illinois Huskies
Ohio State Buckeyes
Michigan Wolverines
Michigan State Spartans
Ohio Bobcats
Toledo Rockets
Eastern Michigan Eagles
North Carolina Tar Heels
TCU Horned Frogs
Central Michigan Chippewas
Indiana Hoosiers
Illinois Fighting Illini
Massachusetts Minutemen
Miami Redhawks
 
Answer Stats
Answer % Correct
Buffalo Bulls
96%
Eastern Michigan Eagles
96%
Kent State Golden Flashes
96%
Northern Illinois Huskies
96%
Western Michigan Broncos
96%
Akron Zips
95%
Ball State Cardinals
95%
Bowling Green Falcons
95%
Central Michigan Chippewas
95%
Toledo Rockets
95%
Miami Redhawks
94%
Ohio Bobcats
94%
Massachusetts Minutemen
89%
No matching quizzes found
Score Distribution
Percent of People with Each Score
Percentile by Number Answered
Your Score History
You have not taken this quiz